000 00511nam a2200205Ia 4500
005 20230317092723.0
008 131103s9999 xx 000 0 und d
020 _a8186946659
_cRs.100
040 _aLoreto College
041 _aEnglish
082 _a891.44
_bSAR
100 _aSarkar, Pabitra
245 _aGadyariti padyariti
_cPabitra Sarkar
260 _aCalcutta
_bSahityalok
_c2002
300 _a208p
504 _aIncludes index
650 _aBengali Literature
850 _aLCLIB
942 _cBK
999 _c16647
_d67126